5 bài thực hành nhanh để gửi và nhận email : Tự học nghề qua máy tính với internet
Gardado en:
| Autor Principal: | |
|---|---|
| Formato: | Libro |
| Idioma: | Undetermined |
| Publicado: |
Hà Nội
Thống kê
2004
|
| Những chủ đề: | |
| Các nhãn: |
Engadir etiqueta
Sen Etiquetas, Sexa o primeiro en etiquetar este rexistro!
|
| Thư viện lưu trữ: | Trung tâm Học liệu Trường Đại học Cần Thơ |
|---|
| LEADER | 00625nam a2200193Ia 4500 | ||
|---|---|---|---|
| 001 | CTU_94506 | ||
| 008 | 210402s9999 xx 000 0 und d | ||
| 082 | |a 004.678 | ||
| 082 | |b Tr300 | ||
| 100 | |a Cao, Minh Trí | ||
| 245 | 0 | |a 5 bài thực hành nhanh để gửi và nhận email : | |
| 245 | 0 | |b Tự học nghề qua máy tính với internet | |
| 245 | 0 | |c Cao Minh Trí | |
| 260 | |a Hà Nội | ||
| 260 | |b Thống kê | ||
| 260 | |c 2004 | ||
| 650 | |a Electronic mail messages,Internet (Computer network) | ||
| 904 | |i Tuyến | ||
| 980 | |a Trung tâm Học liệu Trường Đại học Cần Thơ | ||